01077nam a2200289Ia 4500001001200000003000800012006001900020007001500039008004100054020001800095020002600113040002100139035002100160050002500181100002000206245007400226260004100300300002300341500002000364533015200384630003600536650002600572655002900598710001700627856012600644999001700770ebr10682456CaPaEBRm u cr cn|||||||||130420s2013 enka s 001 0 eng d z9781849519205 z9781849519212 (ebook) aCaPaEBRcCaPaEBR a(OCoLC)84698832614aQA76.77b.P47 2013eb1 aPerkins, Steve.10aHibernate search by exampleh[electronic resource] /cSteve Perkins.  aBirmingham, UK :bPackt Pub.,c2013. aiv, 134 p. :bill. aIncludes index. aElectronic reproduction.bPalo Alto, Calif. :cebrary,d2013.nAvailable via World Wide Web.nAccess may be limited to ebrary affiliated libraries.00aHibernate (Electronic resource) 0aOpen source software. 7aElectronic books.2local2 aebrary, Inc.40uhttp://site.ebrary.com/lib/rucke/Doc?id=10682456zAn electronic book accessible through the World Wide Web; click to view c13804d13804